000 00629nam a2200193Ia 4500
005 20260114185648.0
008 008 260114s9999 xx 000 0 eng d
020 _a9780755623792
037 _aEBOOK
040 _aCRL
_beng
_cCRL
041 _aeng
_2eng
084 _qCRL
100 _aRobert Barnes
_9872839
245 4 _aThe US, the UN and the Korean War Communism in the Far East and the American Struggle for Hegemony in the Cold War
260 _bBloomsbury
_c2014
856 _uhttps://doi.org/10.5040/9780755623792?locatt=label:secondary_bloomsburyCollections
942 _cEBOOK
999 _c1471787
_d1471787